|
|
|
|
| LEADER |
01789nam a22003017a 4500 |
| 001 |
28954 |
| 003 |
BD-DhAAL |
| 005 |
20230918151335.0 |
| 008 |
150226s2014 bg ||||| |||| 00| 0 eng d |
| 020 |
|
|
|a 9789845061414
|
| 040 |
|
|
|a BD-DhAAL
|c BD-DhAAL
|
| 082 |
|
|
|2 22
|a 363.73874095492
|
| 100 |
|
|
|a Brammer, Hugh.
|9 8786
|
| 245 |
|
|
|a Climate change, sea-level rise and development in Bangladesh /
|b Hugh Brammer.
|
| 260 |
|
|
|a Dhaka :
|b University Press Limited,
|c 2014.
|
| 300 |
|
|
|a xxi, 306 pages :
|b illustrations ;
|c 24 cm.
|
| 504 |
|
|
|a Includes bibliographical references (pages [285]-288 ) and index.
|
| 526 |
|
|
|a BIGD
|
| 541 |
|
|
|a University Press Limited
|e 28954, 41695
|
| 650 |
|
|
|a Climatic changes
|x Environmental aspects
|z Bangladesh.
|9 8787
|
| 852 |
|
|
|a Ayesha Abed Library
|c General Stacks
|
| 942 |
|
|
|2 ddc
|c BK
|
| 999 |
|
|
|c 33797
|d 33797
|
| 952 |
|
|
|0 0
|1 0
|2 ddc
|4 0
|6 363_738740954920000_BRA
|7 0
|9 52778
|a C3ER
|b C3ER
|c GEN
|d 2015-02-26
|l 1
|o 363.73874095492 BRA
|p 3010028954
|r 2016-11-14
|s 2016-10-19
|t 1
|w 2015-02-26
|y BK
|
| 952 |
|
|
|0 0
|1 0
|2 ddc
|4 0
|6 363_738740954920000_BRA
|7 0
|9 56721
|a IGS
|b IGS
|c GEN
|d 2015-11-10
|e The University Press
|g 1500.00
|l 0
|o 363.73874095492 BRA
|p 3010030414
|r 2015-11-10
|t 2
|w 2015-11-10
|y BK
|
| 952 |
|
|
|0 0
|1 0
|2 ddc
|4 0
|6 363_738740954920000_BRA
|7 0
|9 57847
|a BRACUL
|b BRACUL
|c GEN
|d 2016-02-04
|e Development Book Agency
|g 1800.00
|l 0
|o 363.73874095492 BRA
|p 3010030888
|r 2016-02-04
|t 3
|w 2016-02-04
|y BK
|
| 952 |
|
|
|0 0
|1 0
|2 ddc
|4 0
|6 363_738740954920000_BRA
|7 0
|9 57848
|a BRACUL
|b BRACUL
|c GEN
|d 2016-02-04
|e Development Book Agency
|g 1800.00
|l 0
|o 363.73874095492 BRA
|p 3010030889
|r 2016-02-04
|t 4
|w 2016-02-04
|y BK
|
| 952 |
|
|
|0 0
|1 0
|2 ddc
|4 0
|6 363_738740954920000_BRA
|7 0
|9 74394
|a BIGD
|b BIGD
|d 2023-09-18
|e University Press Limited
|g 1600.00
|l 0
|o 363.73874095492 BRA
|p 3050041695
|r 2023-09-18
|t 5
|v 2000.00
|w 2023-09-18
|y BK
|